1881 1528 1514 1130 1100 1678 1588 1381 1147 1353 1990 1193 1777 1306 1406 1738 1724 1147 1982 1963 1106 1253 1965 1446 1685 1222 1351 1273 1665 1643 1043 1357 1647 1005 1781 1709 1609 1583 1597 1686 1828 1956 1323 1308 1810 1059 1331 1620 1920 1606 1593 1589 1277 1777 1199 1155 1370 1207 1340 1683 1465 1001 1157 1774 1246 1779 1695 1042 1538 1846 1281 1765 1111 1346 1487 1601 1770 1749 1224 1005 1903 1310 1150 1569 1172 1425 1414 1106 1162 1977 1480 1602 1179 1177 1873 1874 1966 1372 1538 BCNSPRNW ULIB Ver.6.0+V

เปลี่ยนเป็นภาษาไทย

Change to English
 แสดงรายละเอียดบรรณานุกรม
  กลับหน้าหลัก

Brief Record : Get Marc (ISO 2709) : E-mail record : QR code < ปิดหน้าต่าง
LEADER : 00000nam 2200000uu 4500
001    13399125870
003     ULIB
008    170920s2560||||th 000 0 tha d
020    ^a9786169258711
060 04 ^aWS280^bP371 2560
245 00 ^aPediatric critical care :^beveryday practice /^cบรรณาธิการ ดุสิต สถาวร...[และคนอื่น ๆ]
250    ^aพิมพ์ครั้งที่ 1
260    ^aกรุงเทพฯ :^bสมาคมโรคระบบหายใจและเวชบำบัดวิกฤตในเด็ก,^c2560
300    ^a261 หน้า :^bภาพประกอบ ;^c27 ซม.
504    ^aเอกสารอ้างอิงท้ายบท
504    ^aดัชนีท้ายเล่ม
650  2 ^aRespiratory Tract Diseases^xin infancy & childhood
650  4 ^aโรคระบบหายใจ
650  4 ^aทางเดินหายใจ, โรค
700 0  ^aดุสิต สถาวร,^eบรรณาธิการ
700    ^aเฉลิมไทย เอกศิลป์^eบรรณาธิการ
700    ^aรุจิภัตต์ สำราญสำรวจกิจ^eบรรณาธิการ
700    ^aกวีวรรณ ลิ้่มประยูร^eบรรณาธิการ
700    ^aณัฐชัย อนันตสิทธิ์^eบรรณาธิการ
710 2  ^aสมาคมโรคระบบหายใจและเวชบำบัดวิกฤตในเด็ก
945    ^p0^l0^i003275
945    ^p0^l0^i003276
945    ^p0^l0^i003277
945    ^p440^l0^i003786
945    ^p440^l0^i003787
945    ^p440^l0^i003788
999    ^aประนอม เกษจรัล
รายการนี้ยังไม่มีแท็ก
คุณยังไม่ได้ล็อกอิน คุณสามารถมีกิจกรรมร่วมกับเว็บไซต์ได้ แต่ต้องล็อกอินก่อน ::
  ล็อกอิน

รายการสื่อสารสนเทศ

ลำดับที่ ประเภท เลขเรียก/บาร์โค้ด สถานที่ สถานะ
1. วิทยาศาสตร์การแพทย์ และสุขภาพ
หนังสือสำรอง
สถานะ=หนังสือสำรอง
WS280 P371 2560 ฉ.1 
  Barcode: 003275
ห้องสมุดวิทยาเขตสวรรค์ประชารักษ์
►หนังสือทั่วไป
บนชั้น
2. วิทยาศาสตร์การแพทย์ และสุขภาพ
วิทยาศาสตร์การแพทย์ และสุขภาพ
WS280 P371 2560 ฉ.2 
  Barcode: 003276
ห้องสมุดวิทยาเขตสวรรค์ประชารักษ์
►หนังสือทั่วไป
บนชั้น
3. วิทยาศาสตร์การแพทย์ และสุขภาพ
วิทยาศาสตร์การแพทย์ และสุขภาพ
WS280 P371 2560 ฉ.3 
  Barcode: 003277
ห้องสมุดวิทยาเขตสวรรค์ประชารักษ์
►หนังสือทั่วไป
บนชั้น
4. วิทยาศาสตร์การแพทย์ และสุขภาพ
วิทยาศาสตร์การแพทย์ และสุขภาพ
WS280 P371 2560 ฉ.4 
  Barcode: 003786
ห้องสมุดวิทยาเขตนครสวรรค์
►นวนิยาย:l:Fiction
บนชั้น
5. วิทยาศาสตร์การแพทย์ และสุขภาพ
วิทยาศาสตร์การแพทย์ และสุขภาพ
WS280 P371 2560 ฉ.5 
  Barcode: 003787
ห้องสมุดวิทยาเขตนครสวรรค์
►นวนิยาย:l:Fiction
บนชั้น
6. วิทยาศาสตร์การแพทย์ และสุขภาพ
วิทยาศาสตร์การแพทย์ และสุขภาพ
WS280 P371 2560 ฉ.6 
  Barcode: 003788
ห้องสมุดวิทยาเขตนครสวรรค์
►นวนิยาย:l:Fiction
บนชั้น

รายการใกล้เคียง
    หัวเรื่อง [โรคระบบหายใจ]
    หัวเรื่อง [ทางเดินหายใจ, โรค]

BibComment


ยังไม่เคยถูกคอมเมนท์

คอมเมนท์ทรัพยากรรายการนี้
  คอมเมนท์: Pediatric critic..


 Copyright 2026. Bcnsprnw @Library